How to reach the moon /

"Emilio loves spending vacations out in the forest at his abuelo's house. The woods are mysterious, and Abuelo and Emilio can dine outside by the light of a lantern every night. And then, best of all, Abuelo tells his fantastical stories! One night, when there's a full moon, Abuelo su...

Full description

Bibliographic Details
Main Author: Schuff, Nicolás, 1973- (Author)
Other Authors: Sender, Ana, 1978- (Illustrator), Schimel, Lawrence (Translator)
Format: Book
Language:English
Published: New York : Amazon Crossing Kids, 2025.
Edition:First edition.
Subjects:

MARC

Tag First Indicator Second Indicator Subfields
LEADER 00000cam a2200000 i 4500
001 in00005778541
003 OCoLC
005 20260403105607.5
008 250410t20252025nyua b 000 1 eng d
024 8 |a 40033087637 
040 |a BRL  |b eng  |e rda  |c BRL  |d BRL  |d CHY  |d UTW  |d OCLCO  |d NYP  |d OCLCO  |d OCLCQ  |d OJ4  |d EHH  |d IG#  |d UAH  |d OCLCO  |d NJR  |d OCLCO  |d YDX 
020 |a 9781662522963  |q hardcover. 
020 |a 1662522967  |q hardcover. 
035 |a (OCoLC)1514367960 
041 1 |a eng  |h spa 
043 |a zmo---- 
050 1 4 |a PZ7.1.S3365477  |b Ho 2025 
050 4 |a PQ7798.429.C3865  |b C6613 2025 
082 0 4 |a 863/.7  |2 23/eng/20260403 
082 0 4 |a [E]  |2 23/eng/20250404 
100 1 |a Schuff, Nicolás,  |d 1973-  |e author.  |1 https://id.oclc.org/worldcat/entity/E39PCjK4f9B9q4PXpTQtYCHFXd 
240 1 0 |a Como llegar a la luna.  |l English 
245 1 0 |a How to reach the moon /  |c written by Nicolás Schuff ; illustrated by Ana Sender ; translated by Lawrence Schimel. 
250 |a First edition. 
264 1 |a New York :  |b Amazon Crossing Kids,  |c 2025. 
264 4 |c ©2025 
300 |a 1 volume (unpaged) :  |b color illustrations ;  |c 28 cm 
336 |a text  |b txt  |2 rdacontent  |0 http://id.loc.gov/vocabulary/contentTypes/txt 
336 |a still image  |b sti  |2 rdacontent  |0 http://id.loc.gov/vocabulary/imageTypes/sti 
337 |a unmediated  |b n  |2 rdamedia  |0 http://id.loc.gov/vocabulary/mediaTypes/n 
338 |a volume  |b nc  |2 rdacarrier  |0 http://id.loc.gov/vocabulary/carriers/nc 
500 |a Originally published in Spanish as Como llegar a la luna, 2022. 
520 |a "Emilio loves spending vacations out in the forest at his abuelo's house. The woods are mysterious, and Abuelo and Emilio can dine outside by the light of a lantern every night. And then, best of all, Abuelo tells his fantastical stories! One night, when there's a full moon, Abuelo suggests they go and meet the moon. At first, Emilio isn't sure he's serious--but Abuelo is a true adventurer! And so the two, boy and grandfather, set off on their mission. But what creatures might await them in the forest? And will they really get to see the moon?"--  |c Provided by publisher. 
586 |a Horn Book Fanfare List, 2026 ; USBBY. Outstanding Int'l Books List, 2026 
650 0 |a Grandparent and child  |v Juvenile fiction. 
650 0 |a Grandsons  |v Juvenile fiction. 
650 0 |a Grandfathers  |v Juvenile fiction. 
650 0 |a Forests and forestry  |v Juvenile fiction. 
651 0 |a Moon  |x Exploration  |v Juvenile fiction. 
650 0 |a Picture books for children. 
650 1 |a Grandparent and child  |v Fiction. 
650 0 1 |a Forests and forestry  |v Fiction. 
651 1 |a Moon  |v Fiction. 
650 1 |a Picture books. 
650 6 |a Grands-parents et enfants  |0 (CaQQLa)201-0107804  |v Romans, nouvelles, etc. pour la jeunesse.  |0 (CaQQLa)201-0376960 
650 6 |a Grands-pères  |0 (CaQQLa)201-0106500  |v Romans, nouvelles, etc. pour la jeunesse.  |0 (CaQQLa)201-0376960 
651 6 |a Lune  |0 (CaQQLa)201-0044954  |x Exploration  |0 (CaQQLa)201-0044954  |v Romans, nouvelles, etc. pour la jeunesse.  |0 (CaQQLa)201-0376960 
655 7 |a JUV030040.  |2 bisacsh 
655 7 |a JUV013030.  |2 bisacsh 
655 7 |a JUV001000.  |2 bisacsh 
655 7 |a Picture books.  |2 lcgft 
700 1 |a Sender, Ana,  |d 1978-  |e illustrator.  |1 https://id.oclc.org/worldcat/entity/E39PCjwQTDYh8tphD3rP8Gpxwy 
700 1 |a Schimel, Lawrence,  |e translator.  |1 https://id.oclc.org/worldcat/entity/E39PBJmtC4RcB4mhq9BPDFJhpP 
945 |b 699558 
947 |a A14852274761 
980 |b print  |c 40033087637  |g 565712  |k USD  |m 18.99  |q 1  |s AcqMono Conventional  |t Approval plan  |u Vendor order reference number  |v ZYBP  |y Print approval  |z Physical resource 
999 f f |i ce02c43d-0519-4384-b2e5-572c385787b0  |s acd52bc0-66dd-4f1a-9015-e4efc934e6bc  |t 0 
952 f f |p newbook  |a Texas A&M University  |b College Station  |c Sterling C. Evans Library  |s Evans nbs  |d Evans: New Book Shelves (1st floor)  |t 0  |e PZ7.1.S3365477 Ho 2025  |h Library of Congress classification  |i unmediated -- volume  |m A14852274761 
998 f f |a PZ7.1.S3365477 Ho 2025  |t 0  |l Evans: Curriculum Collection (4th floor)